000
00182 a2200097 4500
001
16158
100
_a
Thomas, S
245
_a
Sea leopard
260
_a
_b
_c
090
_c
12445
_d
12445
942
_a
NUST-CAE
_c
M
_c
2720
999
_c
251231
_d
251231